00422nam a2200085Ia 4500008004100000245015200041260000900193300011200202650002200314180130s9999 xx 000 0 und d cBoscardin, Mary Lynn; Garand, Adam; Tudryn, PatrickaThe administrative role in transforming schools to support and guide educational interventions c2013 aBook title: Assessment for intervention : a problem-solving approach--Acession number C17203; pages 277-296 aSCHOOL PSYCHOLOGY